| 000 | 00597nam a22002177a 4500 | ||
|---|---|---|---|
| 003 | BD-DhJNU | ||
| 005 | 20241222040041.0 | ||
| 008 | 241222b |||||||| |||| 00| 0 eng d | ||
| 020 | _a0863555349 | ||
| 040 |
_aBD-DhJNU _beng _cBD-DhJNU _dBD-DhJNU |
||
| 082 |
_223 _a305.8 |
||
| 245 |
_aCultural diversity / _cJean-Michel Baer... [et all.]. |
||
| 260 |
_aLondon : _bBritish Council, _c2004. |
||
| 300 |
_a70 p. : _c20 cm. |
||
| 650 | _aDiversity | ||
| 700 | _aBaer, Jean-Michel | ||
| 700 | _aKlamer, Arjo | ||
| 700 | _aThrosby, David | ||
| 700 | _aLaleye, Issiaka-Prosper | ||
| 942 |
_2ddc _cBK _n0 |
||
| 999 |
_c1017 _d1017 |
||